[Event "CP-2018-P-00032"]
[Site "LSS email"]
[Date "2018.09.27"]
[Round "?"]
[White "Gonzalez, Miguel"]
[Black "Khanas, Valeriy"]
[Result "0-1"]
[WhiteElo "1832"]
[BlackElo "2311"]
[PlyCount "52"]
[EventDate "2018.10.01"]
[EventType "tourn (corr)"]
[EventRounds "6"]
[EventCountry "GER"]
[SourceTitle "Corr 2022"]
[Source "ChessBase"]
[SourceDate "2021.10.24"]
[SourceVersion "1"]
[SourceVersionDate "2021.10.24"]
[SourceQuality "1"]

1. e4 c5 2. Nf3 Nc6 3. d4 cxd4 4. Nxd4 Nf6 5. Nc3 e5 6. Ndb5 d6 7. Bg5 a6 8. Na3 b5 9. Bxf6 gxf6 10. Nd5 f5 11. Bd3 Be6 12. 0-0 Bxd5 13. exd5 Ne7 14. Nxb5 Bg7 15. Nc3 e4 16. Bc4 0-0 17. Qd2 Ng6 18. Bb3 f4 19. Nxe4 f5 20. Nc3 f3 21. Qe3 Ne5 22. Qf4 Qe8 23. Rfe1 Qh5 24. Rad1 Rae8 25. Qg3 fxg2 26. Kxg2 f4 0-1

[Event "OP-2017-0-04279"]
[Site "LSS email"]
[Date "2017.02.09"]
[Round "?"]
[White "Gonzalez, Miguel"]
[Black "Celan, Melissa"]
[Result "0-1"]
[WhiteElo "1713"]
[BlackElo "2096"]
[PlyCount "86"]
[EventDate "2017.02.02"]
[EventType "tourn (corr)"]
[EventRounds "4"]
[EventCountry "GER"]
[SourceTitle "Corr 2022"]
[Source "ChessBase"]
[SourceDate "2021.10.24"]
[SourceVersion "1"]
[SourceVersionDate "2021.10.24"]
[SourceQuality "1"]

1. Nc3 d5 2. e4 d4 3. Nce2 g6 4. Ng3 h5 5. Bc4 h4 6. N3e2 h3 7. Nxh3 Bxh3 8. gxh3 e6 9. d3 a6 10. Ng1 Nc6 11. a3 Ne5 12. Bb3 Qh4 13. Nf3 Nxf3+ 14. Qxf3 Qxh3 15. Qxh3 Rxh3 16. f4 Bd6 17. Bd2 Kd7 18. 0-0-0 Ne7 19. Rdf1 Rah8 20. Rf2 c5 21. Bc4 b5 22. Bb3 Kc6 23. Ba5 R8h4 24. Bd2 Rh8 25. Kd1 R8h7 26. Ke2 Nc8 27. Kf1 Nb6 28. Kg2 c4 29. dxc4 Nxc4 30. Bxc4 bxc4 31. Rf3 Rxf3 32. Kxf3 Rh4 33. e5 Bc5 34. Kg3 Rh8 35. h4 Rb8 36. Bc1 d3 37. cxd3 Rb3 38. Rd1 cxd3 39. Kg4 Kd5 40. h5 gxh5+ 41. Kxh5 Bf2 42. Kg5 Kd4 43. Kf6 Rb7 0-1

[Event "OP-2017-0-04279"]
[Site "LSS email"]
[Date "2017.02.09"]
[Round "?"]
[White "Pilgram, Kurt"]
[Black "Gonzalez, Miguel"]
[Result "1/2-1/2"]
[WhiteElo "2066"]
[BlackElo "1713"]
[PlyCount "100"]
[EventDate "2017.02.02"]
[EventType "tourn (corr)"]
[EventRounds "4"]
[EventCountry "GER"]
[SourceTitle "Corr 2022"]
[Source "ChessBase"]
[SourceDate "2021.10.24"]
[SourceVersion "1"]
[SourceVersionDate "2021.10.24"]
[SourceQuality "1"]

1. d4 Nf6 2. c4 c5 3. d5 e6 4. Nc3 exd5 5. cxd5 d6 6. e4 g6 7. Nf3 Bg7 8. Be2 0-0 9. Bf4 a6 10. a4 Bg4 11. 0-0 Re8 12. Nd2 Bxe2 13. Qxe2 Nh5 14. Be3 Nd7 15. a5 Rb8 16. g4 Nhf6 17. Kh1 Ne5 18. g5 Nh5 19. f4 Nd7 20. Qf3 Qc7 21. e5 dxe5 22. f5 Nf4 23. Nce4 b5 24. axb6 Rxb6 25. Nc4 Rb4 26. Rac1 Rb3 27. Rc3 Rxc3 28. bxc3 a5 29. Ra1 Qb8 30. fxg6 hxg6 31. d6 Qb5 32. Nxa5 Rc8 33. c4 Qa6 34. Bd2 Rb8 35. Rf1 Kh8 36. Re1 Nf8 37. Nf6 Bxf6 38. gxf6 Qxd6 39. Bxf4 exf4 40. Nc6 Rb3 41. Qxb3 Qxc6+ 42. Kg1 Qxf6 43. Qb8 Qd4+ 44. Kh1 Kg8 45. Re8 Qd1+ 46. Kg2 Qg4+ 47. Kf2 Qh4+ 48. Kf3 Qh3+ 49. Kxf4 Qxh2+ 50. Kf3 Qh3+ 1/2-1/2

[Event "SC-2016-0-00309"]
[Site "LSS email"]
[Date "2016.11.28"]
[Round "?"]
[White "Gonzalez, Miguel"]
[Black "Grabowski, Benedykt"]
[Result "1-0"]
[WhiteElo "1700"]
[BlackElo "1816"]
[PlyCount "121"]
[EventDate "2016.10.28"]
[EventType "tourn (corr)"]
[EventRounds "6"]
[EventCountry "GER"]
[SourceTitle "Corr 2022"]
[Source "ChessBase"]
[SourceDate "2021.10.24"]
[SourceVersion "1"]
[SourceVersionDate "2021.10.24"]
[SourceQuality "1"]

1. d4 Nf6 2. c4 e6 3. Nc3 Bb4 4. Qc2 d5 5. cxd5 exd5 6. Bg5 h6 7. Bh4 c5 8. dxc5 g5 9. Bg3 Ne4 10. e3 Qa5 11. Nge2 Bf5 12. Be5 0-0 13. Nd4 Re8 14. Nxf5 Rxe5 15. Nxh6+ Kg7 16. Ng4 Re6 17. Bd3 Nxc3 18. 0-0 Ne4 19. a3 Qxc5 20. Qd1 Nc6 21. axb4 Nxb4 22. Bxe4 Rxe4 23. Qf3 Qd6 24. Rfd1 Qe6 25. h3 a5 26. Rac1 Re8 27. Rc7 Re7 28. Rxe7 Qxe7 29. Qf5 b5 30. b3 Re6 31. Rc1 a4 32. bxa4 bxa4 33. h4 gxh4 34. Rc8 Rc6 35. Ra8 Ra6 36. Rb8 Nc6 37. Rh8 Kxh8 38. Nf6 Qxf6 39. Qxf6+ Kg8 40. Qg5+ Kf8 41. Qxd5 Na5 42. Qb5 Ra8 43. Qe5 Kg8 44. Qg5+ Kh8 45. Qxh4+ Kg8 46. Qxa4 Ra7 47. f4 Kf8 48. Qb4+ Re7 49. Qxa5 Rxe3 50. f5 f6 51. Qb6 Re1+ 52. Kf2 Re8 53. Qxf6+ Kg8 54. g4 Re4 55. g5 Rf4+ 56. Kg3 Rf1 57. Qe7 Rg1+ 58. Kh2 Rf1 59. f6 Rf2+ 60. Kg3 Rxf6 61. gxf6 1-0

[Event "SC-2016-0-00309"]
[Site "LSS email"]
[Date "2016.11.26"]
[Round "?"]
[White "Gonzalez, Miguel"]
[Black "Eide, John Henning"]
[Result "1/2-1/2"]
[WhiteElo "1700"]
[BlackElo "1676"]
[PlyCount "52"]
[EventDate "2016.10.28"]
[EventType "tourn (corr)"]
[EventRounds "6"]
[EventCountry "GER"]
[SourceTitle "Corr 2022"]
[Source "ChessBase"]
[SourceDate "2021.10.24"]
[SourceVersion "1"]
[SourceVersionDate "2021.10.24"]
[SourceQuality "1"]

1. d4 Nf6 2. c4 e6 3. Nc3 Bb4 4. Qc2 d5 5. cxd5 exd5 6. Bg5 c5 7. dxc5 h6 8. Bh4 0-0 9. e3 Qe7 10. Nge2 Nc6 11. 0-0-0 g5 12. Bg3 Bxc5 13. a3 Rd8 14. h4 Ng4 15. Nxd5 Rxd5 16. Rxd5 Bxe3+ 17. fxe3 Nxe3 18. Qc5 Nxd5 19. Qxd5 Bg4 20. Bd6 Qe3+ 21. Kb1 Rd8 22. Nc1 Be6 23. Qc5 Qxc5 24. Bxc5 Bf5+ 25. Ka2 Rd1 26. Be3 Re1 1/2-1/2

[Event "SC-2016-0-00309"]
[Site "LSS email"]
[Date "2016.11.26"]
[Round "?"]
[White "Martins, Karin"]
[Black "Gonzalez, Miguel"]
[Result "1/2-1/2"]
[WhiteElo "1799"]
[BlackElo "1700"]
[PlyCount "94"]
[EventDate "2016.10.28"]
[EventType "tourn (corr)"]
[EventRounds "6"]
[EventCountry "GER"]
[SourceTitle "Corr 2022"]
[Source "ChessBase"]
[SourceDate "2021.10.24"]
[SourceVersion "1"]
[SourceVersionDate "2021.10.24"]
[SourceQuality "1"]

1. e4 c5 2. Nf3 Nc6 3. d4 cxd4 4. Nxd4 g6 5. c4 Bg7 6. Be3 Nf6 7. Nc3 d6 8. Be2 0-0 9. 0-0 Bd7 10. f3 Nxd4 11. Bxd4 Nh5 12. Bxg7 Nxg7 13. Qd2 Bc6 14. f4 f5 15. Bf3 Qb6+ 16. Rf2 fxe4 17. Bxe4 Bxe4 18. Nxe4 Qc6 19. Qd3 Ne6 20. g3 Nc5 21. Nxc5 Qxc5 22. Rd1 Rac8 23. b3 Rc7 24. Kg2 Qc6+ 25. Qd5+ Kg7 26. Qxc6 bxc6 27. Re2 a5 28. Rde1 Kf6 29. Re6+ Kf7 30. R6e3 Kf6 31. g4 c5 32. Kg3 Ra7 33. g5+ Kf7 34. a4 Rb7 35. Kg4 Ke8 36. Re6 Kd8 37. h4 Rf7 38. R1e3 Kd7 39. h5 Rg7 40. f5 gxf5+ 41. Kxf5 Rf7+ 42. Kg4 Rb8 43. h6 Rbf8 44. g6 hxg6 45. Kg5 Rh8 46. Kxg6 Rfh7 47. Kg5 Rf8 1/2-1/2

[Event "LSS No Engine Cup 161 Preliminary 0"]
[Site "LSS email"]
[Date "2016.10.31"]
[Round "?"]
[White "Barna, Zsolt"]
[Black "Gonzalez, Miguel"]
[Result "1-0"]
[WhiteElo "1862"]
[BlackElo "1702"]
[PlyCount "45"]
[EventDate "2016.10.31"]
[EventType "tourn (corr)"]
[EventRounds "6"]
[EventCountry "GER"]
[SourceTitle "Corr 2022"]
[Source "ChessBase"]
[SourceDate "2021.10.24"]
[SourceVersion "1"]
[SourceVersionDate "2021.10.24"]
[SourceQuality "1"]

1. e4 c5 2. f4 d5 3. exd5 Qxd5 4. Nc3 Qd8 5. Nf3 Nf6 6. Ne5 e6 7. b3 Bd7 8. Bb2 Nc6 9. Bd3 Bd6 10. Qe2 0-0 11. 0-0 Nd4 12. Qf2 a6 13. Ne2 Nxe2+ 14. Bxe2 Qc7 15. Qh4 Nd5 16. Rae1 Be7 17. Qg3 f6 18. c4 Nb4 19. Nxd7 Qxd7 20. Bg4 Kh8 21. Bxe6 Qxd2 22. Bf5 Qd6 23. Qh4 1-0

[Event "LSS No Engine Cup 161 Preliminary 0"]
[Site "LSS email"]
[Date "2016.10.31"]
[Round "?"]
[White "Gonzalez, Miguel"]
[Black "Lauer, Frederic"]
[Result "1-0"]
[WhiteElo "1702"]
[BlackElo "1484"]
[PlyCount "96"]
[EventDate "2016.10.31"]
[EventType "tourn (corr)"]
[EventRounds "6"]
[EventCountry "GER"]
[SourceTitle "Corr 2022"]
[Source "ChessBase"]
[SourceDate "2021.10.24"]
[SourceVersion "1"]
[SourceVersionDate "2021.10.24"]
[SourceQuality "1"]

1. d4 e6 2. c4 Nf6 3. Nc3 Bb4 4. Qc2 c5 5. dxc5 Bxc5 6. e3 Nc6 7. a3 0-0 8. b4 Bb6 9. Bb2 d5 10. Rd1 Ne7 11. cxd5 exd5 12. Bd3 Qc7 13. Nge2 Be6 14. Nf4 h6 15. Qe2 d4 16. Nb5 Qc8 17. Nxd4 Bxd4 18. Bxd4 Nfd5 19. Nxe6 Qxe6 20. Rc1 Rac8 21. 0-0 Rxc1 22. Rxc1 Rc8 23. Rxc8+ Nxc8 24. Bc4 Qe4 25. f3 Qb1+ 26. Kf2 Ndb6 27. Bd3 Qb3 28. Qb2 Qxb2+ 29. Bxb2 Nd6 30. g4 Nbc4 31. Bc1 Kf8 32. f4 Nb6 33. e4 Ke7 34. Ke3 a6 35. e5 Ne8 36. Ke4 Nc7 37. Kd4 Ne6+ 38. Ke4 Nc7 39. Be2 Nbd5 40. Kd4 Nb6 41. Bf3 Ne6+ 42. Kd3 Nd8 43. Be3 Nd7 44. a4 f6 45. exf6+ Nxf6 46. h4 Nd7 47. g5 hxg5 48. hxg5 Ne6 1-0

[Event "BI-2013-P-0000"]
[Site "LSS email"]
[Date "2013.04.22"]
[Round "?"]
[White "Gonzalez, Miguel"]
[Black "Wlasow, Andrey"]
[Result "0-1"]
[WhiteElo "1710"]
[BlackElo "2029"]
[PlyCount "78"]
[EventDate "2013.04.25"]
[EventType "tourn (corr)"]
[EventRounds "10"]
[EventCountry "GER"]
[SourceTitle "Corr 2022"]
[Source "ChessBase"]
[SourceDate "2021.10.24"]
[SourceVersion "1"]
[SourceVersionDate "2021.10.24"]
[SourceQuality "1"]

1. d4 Nf6 2. c4 g6 3. Nc3 Bg7 4. e4 d6 5. h3 0-0 6. Bg5 a6 7. Nf3 Nbd7 8. e5 Ne8 9. Be2 dxe5 10. dxe5 c6 11. 0-0 Nc7 12. Qd2 Nxe5 13. Qxd8 Rxd8 14. Bxe7 Nxf3+ 15. Bxf3 Re8 16. Bd6 Ne6 17. Rfe1 Bd7 18. Rad1 Ng5 19. Be2 Bf5 20. f3 Ne6 21. Bf1 Rad8 22. c5 Bd4+ 23. Kh2 Bxc5 24. Rxe6 Bxe6 25. Bxc5 Rxd1 26. Nxd1 Rd8 27. Nc3 Rd2 28. b3 b5 29. Be3 Rc2 30. Bd4 f5 31. Be5 c5 32. Bd3 Rd2 33. Bb1 b4 34. Na4 c4 35. Bf4 Re2 36. Nc5 Kf7 37. bxc4 Rb2 38. Bd3 Rxa2 39. Bd6 a5 0-1

[Event "BI-2013-P-0000"]
[Site "LSS email"]
[Date "2013.04.22"]
[Round "?"]
[White "Krupa, Bartlomiej"]
[Black "Gonzalez, Miguel"]
[Result "1-0"]
[WhiteElo "2231"]
[BlackElo "1710"]
[PlyCount "53"]
[EventDate "2013.04.25"]
[EventType "tourn (corr)"]
[EventRounds "10"]
[EventCountry "GER"]
[SourceTitle "Corr 2022"]
[Source "ChessBase"]
[SourceDate "2021.10.24"]
[SourceVersion "1"]
[SourceVersionDate "2021.10.24"]
[SourceQuality "1"]

1. e4 c5 2. Nf3 e6 3. d4 cxd4 4. Nxd4 Nf6 5. Nc3 d6 6. Be3 a6 7. f3 Be7 8. Qd2 0-0 9. 0-0-0 Nc6 10. Kb1 Nxd4 11. Bxd4 Qc7 12. g4 b5 13. g5 Nd7 14. h4 b4 15. Na4 Qa5 16. b3 Rb8 17. Rg1 Rd8 18. h5 e5 19. Be3 Nc5 20. Nb2 Be6 21. g6 hxg6 22. hxg6 fxg6 23. Bc4 g5 24. Bxg5 Bxg5 25. Rxg5 Rb7 26. Rh1 Rf7 27. Rg6 1-0

[Event "BI-2013-P-0000"]
[Site "LSS email"]
[Date "2013.04.22"]
[Round "?"]
[White "Turetskij, Mark"]
[Black "Gonzalez, Miguel"]
[Result "0-1"]
[WhiteElo "1650"]
[BlackElo "1710"]
[PlyCount "20"]
[EventDate "2013.04.25"]
[EventType "tourn (corr)"]
[EventRounds "10"]
[EventCountry "GER"]
[SourceTitle "Corr 2022"]
[Source "ChessBase"]
[SourceDate "2021.10.24"]
[SourceVersion "1"]
[SourceVersionDate "2021.10.24"]
[SourceQuality "1"]

1. e4 c5 2. c3 e6 3. d4 d5 4. e5 Nc6 5. Nf3 Qb6 6. Be2 cxd4 7. cxd4 Nge7 8. Nc3 Nf5 9. Bb5 Bd7 10. Bxc6 Bxc6 0-1

[Event "BI-2012-F-00017"]
[Site "LSS email"]
[Date "2013.02.15"]
[Round "?"]
[White "Gonzalez, Miguel"]
[Black "Lombart, Philippe"]
[Result "1-0"]
[WhiteElo "1665"]
[BlackElo "1681"]
[PlyCount "91"]
[EventDate "2013.02.20"]
[EventType "tourn (corr)"]
[EventRounds "10"]
[EventCountry "GER"]
[SourceTitle "Telechess CBM 167"]
[Source "ChessBase"]
[SourceDate "2015.07.13"]
[SourceVersion "1"]
[SourceVersionDate "2015.07.13"]
[SourceQuality "1"]

1. d4 d5 2. c4 e6 3. Nc3 Bb4 4. e3 Nf6 5. Bd2 0-0 6. Nf3 c5 7. a3 Bxc3 8. Bxc3 Ne4 9. Rc1 Nxc3 10. Rxc3 cxd4 11. exd4 dxc4 12. Bxc4 Nd7 13. 0-0 Nb6 14. Bb3 Nd5 15. Rc2 Qb6 16. Rc5 Rd8 17. Qc2 Bd7 18. Ne5 Be8 19. Rc1 g6 20. g3 Kg7 21. Re1 a5 22. Bxd5 Rxd5 23. Rxd5 exd5 24. Qd2 a4 25. Qf4 Qf6 26. Qxf6+ Kxf6 27. Nd3 Bc6 28. Nb4 Rd8 29. f3 Bb5 30. Kf2 Rd6 31. Re5 Bc4 32. g4 Kg7 33. Kg3 Re6 34. Rxe6 fxe6 35. Kf4 Kf6 36. g5+ Kf7 37. Ke5 Ke7 38. Nc2 Be2 39. Kf4 Kd6 40. Ne3 Ke7 41. Ng4 Kf8 42. Nf6 Kg7 43. Ne8+ Kf8 44. Nc7 Ke7 45. Ke5 Bxf3 46. Nxe6 1-0

[Event "SC-2012-0-00155"]
[Site "LSS email"]
[Date "2012.09.04"]
[Round "?"]
[White "Oliger, Mark L"]
[Black "Gonzalez, Miguel"]
[Result "1-0"]
[WhiteElo "1751"]
[BlackElo "1678"]
[PlyCount "43"]
[EventDate "2012.07.22"]
[EventType "tourn (corr)"]
[EventRounds "6"]
[EventCountry "GER"]
[SourceTitle "Telechess CBM 161"]
[Source "ChessBase"]
[SourceDate "2014.07.16"]
[SourceVersion "1"]
[SourceVersionDate "2014.07.16"]
[SourceQuality "1"]

1. d4 d5 2. c4 dxc4 3. e4 Nf6 4. e5 Nd5 5. Bxc4 Nb6 6. Bd3 Nc6 7. Be3 e6 8. Nf3 Be7 9. Nc3 0-0 10. a3 a6 11. 0-0 Bd7 12. Be4 f5 13. exf6 Bxf6 14. Qc2 g6 15. Rad1 Nc4 16. Bh6 Bg7 17. Bxg7 Kxg7 18. d5 exd5 19. Nxd5 Nd6 20. Qc3+ Kg8 21. Nb6 cxb6 22. Rxd6 1-0

[Event "SC-2012-0-00155"]
[Site "LSS email"]
[Date "2012.09.04"]
[Round "?"]
[White "Reede, Arvo"]
[Black "Gonzalez, Miguel"]
[Result "1-0"]
[WhiteElo "1658"]
[BlackElo "1678"]
[PlyCount "73"]
[EventDate "2012.07.22"]
[EventType "tourn (corr)"]
[EventRounds "6"]
[EventCountry "GER"]
[SourceTitle "Telechess CBM 161"]
[Source "ChessBase"]
[SourceDate "2014.07.16"]
[SourceVersion "1"]
[SourceVersionDate "2014.07.16"]
[SourceQuality "1"]

1. d4 d5 2. Nf3 Nf6 3. c4 e6 4. Nc3 Be7 5. Bg5 0-0 6. e3 Nbd7 7. cxd5 Nxd5 8. Bxe7 Qxe7 9. Bd3 N7f6 10. Qb3 b6 11. Nxd5 Nxd5 12. 0-0 Bb7 13. Qa4 a6 14. Rac1 Rfc8 15. Ne5 b5 16. Qc2 g6 17. Be4 Qd6 18. Qc5 Qxc5 19. Rxc5 c6 20. Rfc1 f5 21. Bxd5 cxd5 22. f4 Rxc5 23. Rxc5 Rc8 24. Nf3 Rxc5 25. dxc5 h6 26. h4 Kg7 27. Ne5 Kf6 28. c6 Bc8 29. b4 Kg7 30. Nd7 a5 31. a3 axb4 32. axb4 Kf7 33. Nb6 Ba6 34. c7 Ke8 35. c8Q+ Bxc8 36. Nxc8 Kd7 37. Na7 1-0

[Event "BI-2012-P-00018"]
[Site "LSS email"]
[Date "2012.04.20"]
[Round "?"]
[White "Gonzalez, Miguel"]
[Black "Liamtsau, Valery"]
[Result "0-1"]
[WhiteElo "1727"]
[BlackElo "2227"]
[PlyCount "88"]
[EventDate "2012.04.22"]
[EventType "tourn (corr)"]
[EventRounds "10"]
[EventCountry "GER"]
[SourceTitle "Telechess CBM 153"]
[Source "ChessBase"]
[SourceDate "2013.03.14"]
[SourceVersion "1"]
[SourceVersionDate "2013.03.14"]
[SourceQuality "1"]

1. e4 e6 2. d4 d5 3. Nd2 Nf6 4. e5 Nfd7 5. Bd3 c5 6. c3 cxd4 7. cxd4 Nc6 8. Ne2 Qb6 9. Nf3 Bb4+ 10. Bd2 f6 11. exf6 Nxf6 12. 0-0 0-0 13. Bxb4 Nxb4 14. a4 Bd7 15. a5 Qd6 16. Nc3 Be8 17. Re1 a6 18. h3 Bh5 19. Be2 Bxf3 20. Bxf3 Nc6 21. Qd2 Rae8 22. Red1 Re7 23. Ra4 Ref7 24. Re1 Ne8 25. Qe2 Nc7 26. Rd1 Qd8 27. Qe3 Qh4 28. Kh2 g6 29. Rd2 Kg7 30. b3 Rf6 31. Rd1 Ne8 32. Ne2 Nd6 33. Ng3 Qf4 34. Qxf4 Rxf4 35. Rd3 R4f6 36. Ne2 h5 37. h4 Rc8 38. Kh3 Kh6 39. Re3 Ne7 40. g3 Rc2 41. Kg2 Ndf5 42. Rc3 Rxc3 43. Nxc3 Nc6 44. Ne2 Kg7 0-1

[Event "BI-2012-P-00018"]
[Site "LSS email"]
[Date "2012.04.20"]
[Round "?"]
[White "Gonzalez, Miguel"]
[Black "Tanti, Joseph G"]
[Result "1/2-1/2"]
[WhiteElo "1727"]
[BlackElo "1535"]
[PlyCount "48"]
[EventDate "2012.04.22"]
[EventType "tourn (corr)"]
[EventRounds "10"]
[EventCountry "GER"]
[SourceTitle "Telechess CBM 153"]
[Source "ChessBase"]
[SourceDate "2013.03.14"]
[SourceVersion "1"]
[SourceVersionDate "2013.03.14"]
[SourceQuality "1"]

1. e4 e5 2. Nf3 Nc6 3. Bb5 a6 4. Ba4 Nf6 5. 0-0 Be7 6. Re1 b5 7. Bb3 0-0 8. Nc3 d6 9. h3 Na5 10. d3 Re8 11. Bd2 Nxb3 12. axb3 Bb7 13. Ne2 d5 14. Ng3 Bc5 15. Qe2 Qd6 16. exd5 Bxd5 17. Ne4 Nxe4 18. dxe4 Bb7 19. Rad1 Qe7 20. c4 Bc6 21. Be3 f6 22. Bxc5 Qxc5 23. Nh4 Qb4 24. Qg4 Qxb3 1/2-1/2

[Event "WC-2011-F-00007"]
[Site "LSS email"]
[Date "2011.11.23"]
[Round "?"]
[White "Gonzalez, Miguel"]
[Black "Cornell, David"]
[Result "1/2-1/2"]
[WhiteElo "1715"]
[BlackElo "1816"]
[PlyCount "62"]
[EventDate "2011.12.01"]
[EventType "tourn (corr)"]
[EventRounds "10"]
[EventCountry "GER"]
[SourceTitle "Telechess CBM 165"]
[Source "ChessBase"]
[SourceDate "2015.03.11"]
[SourceVersion "1"]
[SourceVersionDate "2015.03.11"]
[SourceQuality "1"]

1. e4 b6 2. d4 e6 3. Bd3 Bb7 4. Nf3 c5 5. c3 Nf6 6. Nbd2 cxd4 7. Nxd4 Nc6 8. 0-0 Be7 9. Nxc6 dxc6 10. Nf3 Qc7 11. e5 Nd7 12. Qe2 0-0 13. Bf4 Rfd8 14. Rfd1 Nf8 15. h4 c5 16. h5 Rd7 17. Nd2 Rad8 18. Ne4 f6 19. exf6 Qxf4 20. fxe7 Rxe7 21. g3 Qh6 22. f4 Rd5 23. Ng5 Rxd3 24. Rxd3 Ba6 25. Rad1 Rd7 26. Kg2 Rxd3 27. Rxd3 Bxd3 28. Qxd3 Qxh5 29. Qe4 Qg4 30. Nf3 Qf5 31. Qb7 Qc2+ 1/2-1/2

[Event "WC-2011-F-00007"]
[Site "LSS email"]
[Date "2011.11.23"]
[Round "?"]
[White "Gonzalez, Miguel"]
[Black "Milde, Lars"]
[Result "1/2-1/2"]
[WhiteElo "1715"]
[BlackElo "1886"]
[PlyCount "36"]
[EventDate "2011.12.01"]
[EventType "tourn (corr)"]
[EventRounds "10"]
[EventCountry "GER"]
[SourceTitle "Corr 2015"]
[Source "ChessBase"]
[SourceDate "2015.07.17"]
[SourceVersion "1"]
[SourceVersionDate "2015.07.17"]
[SourceQuality "1"]

1. e4 e5 2. Nf3 Nf6 3. Nc3 Nc6 4. Bb5 Nd4 5. Nxd4 exd4 6. e5 dxc3 7. exf6 Qxf6 8. dxc3 Bc5 9. 0-0 c6 10. Bd3 d6 11. Re1+ Be6 12. Be3 Bxe3 13. Rxe3 0-0-0 14. a4 Rhe8 15. a5 a6 16. Qe2 Kc7 17. Re1 g6 18. g3 h5 1/2-1/2

[Event "WC-2011-F-00007"]
[Site "LSS email"]
[Date "2011.11.23"]
[Round "?"]
[White "Gonzalez, Miguel"]
[Black "Sherwood, Russell"]
[Result "0-1"]
[WhiteElo "1715"]
[BlackElo "2201"]
[PlyCount "74"]
[EventDate "2011.12.01"]
[EventType "tourn (corr)"]
[EventRounds "10"]
[EventCountry "GER"]
[SourceTitle "Telechess CBM 165"]
[Source "ChessBase"]
[SourceDate "2015.03.11"]
[SourceVersion "1"]
[SourceVersionDate "2015.03.11"]
[SourceQuality "1"]

1. e4 c5 2. Nf3 g6 3. d4 cxd4 4. Nxd4 Nf6 5. Nc3 d6 6. Be3 Bg7 7. f3 0-0 8. Qd2 Nc6 9. 0-0-0 d5 10. exd5 Nxd5 11. Nxc6 bxc6 12. Nxd5 cxd5 13. Qxd5 Qc7 14. Qc5 Qb7 15. Qa3 Bf5 16. Bd3 Rab8 17. b3 Qc6 18. Bxf5 Qc3 19. Bd3 Rbc8 20. Qa4 Rfd8 21. b4 Rxd3 22. Rxd3 Qa1+ 23. Kd2 Qxh1 24. Qxa7 Qxg2+ 25. Bf2 Qxh2 26. b5 Qf4+ 27. Kd1 Qc4 28. Qd7 Qxc2+ 29. Ke1 Be5 30. b6 Bd6 31. b7 Rb8 32. Rb3 Qc1+ 33. Ke2 Qc4+ 34. Kd1 Qf1+ 35. Be1 Bg3 36. Re3 Bxe1 37. Rxe1 Qxf3+ 0-1

[Event "BI-2011-P-00005"]
[Site "LSS email"]
[Date "2011.04.17"]
[Round "?"]
[White "Gonzalez, Miguel"]
[Black "Lipsits, Sasha"]
[Result "0-1"]
[WhiteElo "1732"]
[BlackElo "1695"]
[PlyCount "136"]
[EventDate "2011.04.20"]
[EventType "tourn (corr)"]
[EventRounds "10"]
[EventCountry "GER"]
[SourceTitle "Telechess CBM 151"]
[Source "ChessBase"]
[SourceDate "2012.11.13"]
[SourceVersion "1"]
[SourceVersionDate "2012.11.13"]
[SourceQuality "1"]

1. Nc3 c5 2. Nf3 Nf6 3. e4 d6 4. Bc4 e6 5. 0-0 a6 6. a4 Be7 7. d4 cxd4 8. Nxd4 Nc6 9. Be3 0-0 10. Qe2 Bd7 11. f4 Rc8 12. Bd3 h6 13. Nxc6 Bxc6 14. a5 Nd7 15. b4 Bf6 16. Ra3 Qe7 17. Qd2 Rfe8 18. Rd1 d5 19. e5 Bxe5 20. fxe5 d4 21. Bxh6 dxc3 22. Rxc3 Nxe5 23. Bf4 Nxd3 24. Rxd3 Be4 25. Rd7 Qf6 26. Rc1 Rc4 27. Be3 Bc6 28. Rd4 Rxd4 29. Qxd4 Qg6 30. Qd2 Re7 31. Qd8+ Kh7 32. Qd3 f5 33. Qe2 Rf7 34. Rf1 e5 35. Rf2 f4 36. Bd2 Rf5 37. c4 Rg5 38. b5 axb5 39. cxb5 f3 40. Rxf3 Bxf3 41. Qxf3 e4 42. Qe2 e3 43. Bxe3 Qb1+ 44. Qf1 Qxf1+ 45. Kxf1 Rxb5 46. Bd2 Rb3 47. Ke2 Kg6 48. Be3 Kf5 49. Kf2 Rb2+ 50. Kf3 Ra2 51. Bb6 Ra3+ 52. Kf2 g5 53. h3 g4 54. hxg4+ Kxg4 55. Bc7 Ra2+ 56. Kf1 Rc2 57. Bd6 Kf5 58. Bg3 Ra2 59. Be1 Ke4 60. Bc3 Kd3 61. Bb4 Kd4 62. Be1 Ke3 63. Kg1 Ra1 64. Kf1 Rc1 65. g4 Rc4 66. Bf2+ Kf3 67. Ke1 Re4+ 68. Kf1 Ra4 0-1

[Event "BI-2011-P-00005"]
[Site "LSS email"]
[Date "2011.04.17"]
[Round "?"]
[White "Gonzalez, Miguel"]
[Black "Ruiz, Ana"]
[Result "1-0"]
[WhiteElo "1732"]
[BlackElo "1242"]
[PlyCount "51"]
[EventDate "2011.04.20"]
[EventType "tourn (corr)"]
[EventRounds "10"]
[EventCountry "GER"]
[SourceTitle "Telechess CBM 151"]
[Source "ChessBase"]
[SourceDate "2012.11.13"]
[SourceVersion "1"]
[SourceVersionDate "2012.11.13"]
[SourceQuality "1"]

1. Nc3 c5 2. Nf3 Nc6 3. e4 g6 4. d4 cxd4 5. Nxd4 Bg7 6. Be3 Nf6 7. Nxc6 bxc6 8. e5 Ng8 9. f4 Nh6 10. Qd2 0-0 11. 0-0-0 d6 12. h3 Nf5 13. Bf2 c5 14. Bc4 Bb7 15. Bd5 Rb8 16. g4 Nd4 17. Bxd4 cxd4 18. Qxd4 Bxd5 19. Nxd5 Rb7 20. Rd3 Qb8 21. Rb3 dxe5 22. fxe5 Rxb3 23. Nxe7+ Kh8 24. axb3 Bxe5 25. Qc4 Qd6 26. Nd5 1-0

[Event "BI-2011-P-00005"]
[Site "LSS email"]
[Date "2011.04.17"]
[Round "?"]
[White "Hrubaru, Mircea"]
[Black "Gonzalez, Miguel"]
[Result "1-0"]
[WhiteElo "2190"]
[BlackElo "1778"]
[PlyCount "51"]
[EventDate "2011.04.20"]
[EventType "tourn (corr)"]
[EventRounds "10"]
[EventCountry "GER"]
[SourceTitle "Corr 2022"]
[Source "ChessBase"]
[SourceDate "2021.10.24"]
[SourceVersion "1"]
[SourceVersionDate "2021.10.24"]
[SourceQuality "1"]

1. d4 Nf6 2. c4 d6 3. Nf3 Bf5 4. g3 g6 5. Bg2 c6 6. 0-0 Bg7 7. b3 0-0 8. Nc3 Na6 9. Bb2 Qd7 10. Re1 Rfe8 11. e4 Bh3 12. e5 Bxg2 13. Kxg2 Nh5 14. Qd2 Bh8 15. d5 Nc7 16. Rad1 Rad8 17. dxc6 Qxc6 18. Nd5 Nxd5 19. cxd5 Qd7 20. e6 fxe6 21. Bxh8 Kxh8 22. Rxe6 Rf8 23. Rde1 Rde8 24. Qh6 Rxf3 25. Kxf3 Kg8 26. Qe3 1-0